000 00627nam a2200217 4500
003 OSt
005 20240620025000.0
006 a
008 240620b |||||||| |||| 00| 0 eng d
020 _a15991863633
040 _aDWCL-Main lib.
_cOC
082 _aCirc. 659.144 S874u 2010
100 _aStokes, Richard L.
245 _aUltimate guide to pay-per-click advertising /
260 _aUnited States :
_bEntrepreneur Media, Inc.,
_cc2010.
300 _b324 p. : ill. ;
_c5 cm.
504 _aIncludes index.
650 _a1. Internet marketing.
650 _a2. Internet advertising.
942 _2ddc
_n0
_cBK-CIRC
_kCirc.
999 _c958
_d958